Statistics for Capitals of Monarch Countries

Click here to take the quiz!

General Stats

  • This quiz has been taken 56 times
  • The average score is 19 of 29

Answer Stats

CountryCapital% Correct
United KingdomLondon
98%
DenmarkCopenhagen
94%
SwedenStockholm
92%
NorwayOslo
88%
SpainMadrid
86%
NetherlandsAmsterdam
84%
BelgiumBrussels
84%
MonacoMonaco
82%
LuxembourgLuxembourg
80%
LiechtensteinVaduz
80%
Saudi ArabiaRiyadh
78%
ThailandBangkok
76%
United Arab EmiratesAbu Dhabi
75%
JapanTokyo
75%
Vatican CityVatican City
71%
QatarDoha
69%
AndorraAndorra la Vella
65%
JordanAmman
63%
KuwaitKuwait City
63%
OmanMuscat
61%
MoroccoRabat
59%
BahrainManama
53%
CambodiaPhnom Penh
49%
MalaysiaKuala Lumpur
41%
LesothoMaseru
39%
SwazilandMbabane
39%
BhutanThimphu
39%
BruneiBandar Seri Begawan
37%
TongaNuku'alofa
27%

Score Distribution

Percentile by Number Answered

Percent of People with Each Score

Your Score History

You have not taken this quiz